000
00301 a2200133 4500
005
20250702070127.0
020
_a
978-1509858026
082
_a
658 ARA
100
_a
ARAMBURU,F.
245
_a
Homeland,
260
_a
Paris,
_b
Hatier,
_c
2006.
300
_a
vii; 592p:
_b
Glossary ,
_c
24cm.
942
_2
ddc
_c
BKS
999
_c
6523
_d
6523